000 00564nam a2200181 i 4500
001 102111
003 ES-MaACL
005 20230906183039.0
007 t|
008 051103s1929 sp ||||1| spa d
110 1 _aMadrid.
_bAyuntamiento
_9234069
245 1 0 _aMemoria
_b: información sobre la ciudad, año 1929 /
_cAyuntamiento de Madrid.
260 _aMadrid :
_b[s.n.],
_c1929 (
_fImp. y Litografía Municipal)
300 _a192 p. :
_bil. y plan. ;
_c34 cm.
500 _aCon láminas y planos.
852 _aES-MaACL
_jF-15026
999 _c102111
_d102111